Culture Générale - Série 1569 - Statistiques

Statistiques générales
  • Ce quiz a été pris 95 fois
  • Le résultat moyen est 6 sur 10
Statistiques - réponses
Question Réponse % Correct
Quelle ville française abrite le bâtiment historique de la Sorbonne ? Paris
98%
Dans quel océan se situent les îles Malouines ? Atlantique
93%
Quel personnage de BD, créé par Zep, dit “l'amour, c'est pô propre" ? Titeuf
84%
De quelle ville du sud de la France vient le personnage de Mado, qu'interprète l'humoriste Noëlle Perna ? Nice
80%
Dans quel pays d'Europe centrale est né l'écrivain Eugène Ionesco ? Roumanie
77%
Quel comédien et humoriste interprète le rôle de Saturnin dans le film "Angèle", de Marcel Pagnol ? Fernandel
65%
Quel est l'instrument de prédilection de Pierre Amoyal ? violon
63%
Quelle est la nationalité du chanteur Bryan Adams ? Canadienne
52%
Quelle actrice incarne la mère d'Isabelle Adjani dans "La Gifle", de Claude Pinoteau ? Annie Girardot
19%
Qui a réalisé le film “Le Jumeau”, avec Pierre Richard, en 1984 et "le Bal des casse-pieds" en 1992 ? Yves Robert
7%
Aucun quiz correspondant
Distribution des résultats
% des personnes avec chaque résultat
Percentile par nombre de réponses
Votre historique - résultats
Vous n’avez pas pris ce quiz